00286nam a2200121Ia 4500008004100000100001200041245001900053250001200072260004000084650001600124942000700140999001700147190216s9999||||xx |||||||||||||| ||und|| aCole.Rj 0aVector Methods a1st Ed. bVan Nostrand Reinhold Companyc1974 aMathematics cBK c30627d30627